An analysis of teacher-led discussion lessons in junior colleges in Singapore /
محفوظ في:
| المؤلف الرئيسي: | |
|---|---|
| التنسيق: | أطروحة كتاب |
| اللغة: | English |
| منشور في: |
1985.
|
| الموضوعات: | |
| الوسوم: |
إضافة وسم
لا توجد وسوم, كن أول من يضع وسما على هذه التسجيلة!
|
| LEADER | 00917cam a2200277 a 4500 | ||
|---|---|---|---|
| 001 | u49759 | ||
| 003 | SIRSI | ||
| 008 | 870316s1985 si v 00 eng | ||
| 015 | |a X860001987 | ||
| 035 | |a AAF-3552 | ||
| 040 | |a UMM | ||
| 043 | |a a-si--- | ||
| 090 | 0 | 0 | |a LB1033 |b Lim |
| 100 | 1 | 0 | |a Lim, Shirley |
| 245 | 1 | 3 | |a An analysis of teacher-led discussion lessons in junior colleges in Singapore / |c by Mrs. Shirley Lim |
| 260 | |c 1985. | ||
| 300 | |a xi, 269 leaves ; |c 30cm | ||
| 502 | |a Dissertation (M.A.) -- National University of Singapore, 1985 | ||
| 504 | 0 | 0 | |a Bibliography: leaves 262-269 |
| 650 | 0 | |a Discussion | |
| 650 | 0 | |a Teacher-student relationships |z Singapore. | |
| 650 | 0 | |a Interaction analysis in education | |
| 650 | 0 | |a Junior college students |z Singapore. | |
| 948 | |a 16/03/1991 |b 28/10/2002 | ||
| 596 | |a 1 | ||
| 999 | |a LB1033 LIM |w LC |c 1 |i A010096014 |d 15/1/1996 |l STACKS |m P01UTAMA |n 1 |r Y |s Y |t TESIS |u 20/12/1991 | ||
